00321nam a2200121Ia 4500008004100000041000800041082001200049100001900061245004500080260002900125300003400154365001100188240624s9999 xx 000 0 und d aeng a823 FER aFERGUSON NIALL aEMPIRE HOW BRITAIN MADE THE MODERN WORLD c2004aNew DelhibPenguin axxviii, : 422 : p. : cm. ; 19 cRSb30